| 000 | 00417nam a2200169Ia 4500 | ||
|---|---|---|---|
| 001 | 25808 | ||
| 003 | IN-NITTTR | ||
| 005 | 20251114233326.0 | ||
| 008 | 251113s9999||||xx |||||||||||||| ||eng|| | ||
| 040 | _beng | ||
| 040 | _cIN-NITTTR | ||
| 041 | _aeng | ||
| 082 | _a338.06 S73P | ||
| 100 | _aSunil Kumar, | ||
| 245 | 0 |
_aProductivity and factor substitution : _b theory ahd analysis / _cSunil Kumar |
|
| 942 |
_2ddc _cBK |
||
| 999 |
_c28437 _d28437 |
||